000 00406nam a2200121Ia 4500
008 220217s9999 xx 000 0 und d
245 0 _aMethods of test for natural rubber. Part 7. Determination of mooney viscosity. [NR: 8] (Second revision)
260 _aNew Delhi
260 _c1988
_bBureau of Indian Standards
500 _aStandard number: IS 3660 (Part 7)
650 _aMooney viscosity
942 _cST
999 _c73716
_d73716